[Event "GER-chT Christmas U16 Steinitz"]
[Site "Playchess.com INT"]
[Date "2020.12.28"]
[Round "2.4"]
[White "Usik, Maxim"]
[Black "Bachmann, Francesco"]
[Result "0-1"]
[WhiteElo "1467"]
[BlackElo "1021"]
[PlyCount "64"]
[EventDate "2020.12.28"]
[EventType "team-swiss (blitz)"]
[EventRounds "7"]
[EventCountry "GER"]
[SourceTitle "CBM 200 Extra"]
[Source "ChessBase"]
[SourceDate "2021.03.31"]
[SourceVersion "1"]
[SourceVersionDate "2021.03.31"]
[SourceQuality "1"]
[WhiteTeam "Kelheim"]
[BlackTeam "Dresden Gruen Weiss"]
[WhiteTeamCountry "GER"]
[BlackTeamCountry "GER"]

1. d4 d5 2. Nc3 Nf6 3. Nf3 e6 4. Bg5 Bb4 5. e3 Nbd7 6. Bd3 c5 7. 0-0 c4 8. Be2 h6 9. Bh4 Bxc3 10. bxc3 Qa5 11. Qd2 Ne4 12. Qe1 Qxc3 13. Qd1 b5 14. Ne5 Nxe5 15. dxe5 a5 16. Bf3 Nd2 17. Re1 Nxf3+ 18. Qxf3 Qxc2 19. Qg3 g5 20. Bxg5 hxg5 21. Qxg5 Qh7 22. h3 Rg8 23. Qf4 Qxh3 24. Qh2 Qxh2+ 25. Kxh2 b4 26. Reb1 Ke7 27. f4 Bb7 28. g3 d4 29. exd4 Rh8+ 30. Kg1 Rag8 31. Kf2 Rh2+ 32. Ke3 Rxg3# 0-1